Commonwealth Countries - Sudden Death - Statistics

General Stats
  • This quiz has been taken 80 times
  • The average score is 9 of 23
Answers on the Grid
Answers color-coded by a green-red scale on the quiz's grid according to % correct below.
Japan
Uganda
Sri Lanka
Sudan
Benin
New Zealand
Ireland
Greece
Thailand
India
Brunei
Jamaica
Gabon
Angola
Democratic Republic of the Congo
Egypt
Indonesia
Rwanda
Papua New Guinea
Canada
Argentina
Guyana
Malaysia
Togo
Palau
Cyprus
Belize
Nepal
Australia
Mozambique
Nigeria
Malta
United States
Bhutan
Tonga
Cameroon
France
Pakistan
Zambia
Myanmar
 
Answer Stats
Answer % Correct
New Zealand
80%
India
69%
Canada
62%
Jamaica
60%
Uganda
56%
Australia
51%
Sri Lanka
49%
Pakistan
44%
Belize
38%
Nigeria
38%
Papua New Guinea
38%
Malta
36%
Guyana
33%
Malaysia
31%
Brunei
29%
Cyprus
29%
Zambia
29%
Rwanda
22%
Tonga
22%
Mozambique
18%
Gabon
16%
Togo
16%
Cameroon
11%
No matching quizzes found
Score Distribution
Percent of People with Each Score
Percentile by Number Answered
Your Score History
You have not taken this quiz